000 02091cab a22002775a 4500
001 L145615
008 081027e20080929xxk v 000 0 eng u
035 _a(Sirsi) u145615
041 0 _aeng
245 0 0 _aMultiplex Constructions (UK) Limited v Cleveland Bridge UK Limited and Cleveland Bridge Dorman Long Engineering Ltd (No.7)
260 _c2008
520 _a[2008] EWHC 2280 (TCC) , 29 September 2008. The case turned around the determination of costs of damages for breach of contract and for legal costs. Multiplex Constructions Limited (M), main contractor for the construction of the National Wembley Stadium, contracted with Cleveland Bridge (C) for steel work. Following several disagreements, C parted from M. M claimed damages against C for breach of contract. The Court of Appeal ruled that C repudiated the sub-contract. Therefore, C had to pay M damages for breach of contract and interest. M claimed that C should pay all the legal costs. C claimed that M should pay a certain amount of the costs. Held: M was entitled to an order for costs. A final determination of costs should be decided after examination of the parties' attitude. Both parties acted in a wrong way. C, as a debtor, should have made an offer to M to settle the issues. C had to pay M 20% of the legal costs. Each side should bear its own costs in relation to preliminary issue 11.
520 _aSee also L133948 and L145611
590 _aKA
650 2 4 _aMULTIPLEX CONSTRUCTIONS (UK) LTD V CLEVELAND BRIDGE UK LTD AND ANOTHER
650 2 4 _aCARVER V BAA PLC
650 2 4 _aHALL V STONE
650 2 4 _aSTRAKER V TUDOR ROSE
650 2 4 _aASPIN V METRIC GROUP LIMITED
650 2 4 _aNATIONAL WESTMINSTER BANK PLC V KOTONOU
651 4 _aEngland and Wales
_y1543-
690 _aMANAGEMENT-DISPUTE AVOIDANCE, MANAGEMENT AND RESOLUTION-DISPUTE MANAGEMENT AND RESOLUTION
690 _aBUILT ENVIRONMENT-CONSTRUCTION MANAGEMENT-BUILDING CONTRACT ADMINISTRATION
856 4 0 _uhttps://www.bailii.org/ew/cases/EWHC/TCC/2008/2280.html
_zView the item free of charge at www.bailii.org...
942 _n0
999 _c80902
_d80902